El crédito (Registro nro. 3377)

Detalles MARC
000 -LEADER
fixed length control field 00960 a2200229 4500
001 - CONTROL NUMBER
control field 41109
005 - DATE AND TIME OF LATEST TRANSACTION
control field 20260407155705.0
008 - FIXED-LENGTH DATA ELEMENTS--GENERAL INFORMATION
fixed length control field 260407a2004 arg spa d
003 - CONTROL NUMBER IDENTIFIER
control field AR-UNSa-BCEJYS
040 ## - CATALOGING SOURCE
Original cataloging agency AR-UNSa-BCEJYS
Language of cataloging spa
Transcribing agency AR-UNSa-BCEJYS
080 ## - UNIVERSAL DECIMAL CLASSIFICATION NUMBER
Universal Decimal Classification number 336.77
Common auxiliary subdivision Crédito. Función económica del crédito (Microcréditos)
020 ## - INTERNATIONAL STANDARD BOOK NUMBER
International Standard Book Number 950-894-438-2
041 ## - LANGUAGE CODE
Language code of text/sound track or separate title spa
100 1# - MAIN ENTRY--PERSONAL NAME
Personal name Richardson, Gustavo A.
245 10 - TITLE STATEMENT
Title El crédito
Name of part/section of a work teoría y práctica
264 #1 - PRODUCTION, PUBLICATION, DISTRIBUTION, MANUFACTURE, AND COPYRIGHT NOTICE
Place of production, publication, distribution, manufacture Buenos Aires :
Name of producer, publisher, distributor, manufacturer AD-HOC
Date of production, publication, distribution, manufacture, or copyright notice 2004
300 ## - PHYSICAL DESCRIPTION
Extent 238 p.
Dimensions 23 cm.
505 ## - FORMATTED CONTENTS NOTE
Formatted contents note 1. El crédito - 2. Condiciones esenciales y básicas del crédito - 3. Primera etapa: solicitud del crédito - 4. Segunda etapa: análisis de riesgo - 5. Tercera etapa: administración del crédito - 6. Cuarta etapa: cobranza del crédito
590 ## - LOCAL NOTE (RLIN)
Local note niveau_biblio:m niveau_hierar:0
856 41 - ELECTRONIC LOCATION AND ACCESS
Uniform Resource Identifier <a href="https://biblioeco.unsa.edu.ar/pmb/images/libros/L126366.jpg">https://biblioeco.unsa.edu.ar/pmb/images/libros/L126366.jpg</a>
Link text Imagen de portada
Electronic format type image/jpeg
942 ## - ADDED ENTRY ELEMENTS (KOHA)
Koha item type
Existencias
Withdrawn status Lost status Damaged status Not for loan Home library Current library Shelving location Date acquired Total checkouts Full call number Barcode Date last seen Price effective from Koha item type
        Biblioteca Prof. Eusebio Cleto del Rey Biblioteca Prof. Eusebio Cleto del Rey   07/04/2026   336.77 R498 L126366 07/04/2026 07/04/2026 Libro
        Biblioteca Prof. Eusebio Cleto del Rey Biblioteca Prof. Eusebio Cleto del Rey   07/04/2026   336.77 R498 L126378 07/04/2026 07/04/2026 Libro